ARRUPE JESUIT UNIVERSITY

CORONAVIRUS -STOP THE SPREAD - CLEAN,DISINFECT,COVER

A human algorithm : (Record no. 131021)

MARC details
000 -LEADER
fixed length control field 01040cam a2200289 i 4500
001 - CONTROL NUMBER
control field 20942695
003 - CONTROL NUMBER IDENTIFIER
control field ARRUPE
005 - DATE AND TIME OF LATEST TRANSACTION
control field 20211028095906.0
008 - FIXED-LENGTH DATA ELEMENTS--GENERAL INFORMATION
fixed length control field 190422s2019 caua b 000 0 eng
010 ## - LIBRARY OF CONGRESS CONTROL NUMBER
LC control number 2019019474
020 ## - INTERNATIONAL STANDARD BOOK NUMBER
International Standard Book Number 9781640092365
Qualifying information (hardback)
040 ## - CATALOGING SOURCE
Original cataloging agency DLC
Language of cataloging eng
Description conventions rda
Transcribing agency DLC
Modifying agency DLC
042 ## - AUTHENTICATION CODE
Authentication code pcc
050 00 - LIBRARY OF CONGRESS CALL NUMBER
Classification number Q334.7
Item number .C646 2019
082 00 - DEWEY DECIMAL CLASSIFICATION NUMBER
Classification number 303.48/34
Edition number 23
300 ## - PHYSICAL DESCRIPTION
Other physical details illustrations ;
Dimensions 24 cm
100 1# - MAIN ENTRY--PERSONAL NAME
Personal name Coleman, Flynn,
Relator term author.
9 (RLIN) 50772
245 12 - TITLE STATEMENT
Title A human algorithm :
Remainder of title how artificial intelligence is redefining who we are /
Statement of responsibility, etc Flynn Coleman.
250 ## - EDITION STATEMENT
Edition statement First hardcover edition.
260 ## - PUBLICATION, DISTRIBUTION, ETC. (IMPRINT)
Place of publication, distribution, etc California
Name of publisher, distributor, etc Counterprint
Date of publication, distribution, etc 2019
300 ## - PHYSICAL DESCRIPTION
Extent xxxii, 302 pages :
504 ## - BIBLIOGRAPHY, ETC. NOTE
Bibliography, etc Includes bibliographical references.
650 #0 - SUBJECT ADDED ENTRY--TOPICAL TERM
Topical term or geographic name as entry element Artificial intelligence
General subdivision Philosophy
Form subdivision Popular works.
9 (RLIN) 50773
650 #0 - SUBJECT ADDED ENTRY--TOPICAL TERM
Topical term or geographic name as entry element Artificial intelligence
General subdivision Social aspects
Form subdivision Popular works.
9 (RLIN) 50774
906 ## - LOCAL DATA ELEMENT F, LDF (RLIN)
a 7
b cbc
c orignew
d 1
e ecip
f 20
g y-gencatlg
942 ## - ADDED ENTRY ELEMENTS (KOHA)
Source of classification or shelving scheme Library of Congress Classification
Koha item type Monograph ( Printed materials)
Holdings
Withdrawn status Lost status Source of classification or shelving scheme Damaged status Not for loan Collection code Home library Current library Shelving location Date acquired Total Checkouts Full call number Barcode Date last seen Price effective from Koha item type
    Library of Congress Classification     Main Collection ARRUPE LIBRARY ARRUPE LIBRARY Main Collection 28/10/2021   Q334.7 .C646 2019 46600006997 28/10/2021 28/10/2021 Monograph ( Printed materials)

 

Arrupe Library. PO Box MP320 Mt Pleasant, Harare, Zimbabwe
263 242 745411|librarian@aju.ac.zw